Normal view
MARC view
- Language-Adult Learners'Writing Guide
Entry Topical Term
001 - CONTROL NUMBER
- control field: 1931
003 - CONTROL NUMBER IDENTIFIER
- control field: JO-AjAnu
005 - DATE AND TIME OF LATEST TRANSACTION
- control field: 20230606070623.0
008 - FIXED-LENGTH DATA ELEMENTS
- fixed length control field: 230606|| aca||aabn | a|a d
040 ## - CATALOGING SOURCE
- Original cataloging agency: JO-AjAnu
- Transcribing agency: JO-AjAnu
150 ## - HEADING--TOPICAL TERM
- Topical term or geographic name entry element: Language-Adult Learners'Writing Guide
670 ## - SOURCE DATA FOUND
- Source citation: Work cat.: (JO-AjAnu)1015: Thornton,Ruth Editor, author 1930, Chambers:Adult Learners'Writing Guide